| 000 | 00671nam a2200193Ii 4500 | ||
|---|---|---|---|
| 003 | JO-AjNU | ||
| 008 | 230605s9999||||xx |||||||||||||| ||und|| | ||
| 040 |
_aJO-AjNU _bara _erda _cJO-AjNU |
||
| 041 | _aara | ||
| 050 | 1 | 4 | _aTX349.M83 2003 |
| 100 | 3 |
_aمرسي ، محمد مدحت /م مشارك ملاك الصحن , _eauthor _920107 |
|
| 245 | 0 | 0 | _aتركيز الاغذية =Food concentration |
| 264 | 3 | 1 | _aالقاهرة :مكتبة المعارف الحديثة ،2003 |
| 300 |
_a80ص _bصور توضيحية |
||
| 336 |
_atext _btxt _2rdacontent |
||
| 337 |
_aunmediated _bn _2rdamedia |
||
| 338 |
_avolume _bnc _2rdacarrier |
||
| 650 | 4 |
_aالاغذية _920108 |
|
| 999 |
_aA6757 _c10325 _d10325 |
||